| 000 | 01017pam a2200277 a 4500 | ||
|---|---|---|---|
| 001 | 1442237 | ||
| 005 | 20170105102348.0 | ||
| 008 | 850611s1986 enka b 001 0 eng | ||
| 010 | _a 85012314 | ||
| 020 |
_a0471908541 : _c$52.00 (U.S.) |
||
| 040 |
_aDLC _cDLC _dDLC |
||
| 082 | 0 | 0 |
_a519.72 _219 |
| 100 | 1 | _aSchrijver, Alexander. | |
| 245 | 1 | 0 |
_aTheory of linear and integer programming _cAlexander Schrijver. |
| 260 |
_aChichester ; _aNew York : _bWiley, _cc1986. |
||
| 300 |
_axi, 471 p. : _bill. ; _c25 cm. |
||
| 440 | 0 | _aWiley-Interscience series in discrete mathematics and optimization | |
| 500 | _aSeries statement from p. [1] of cover; old series title appears on series t.p.: Wiley-Interscience series in discrete mathematics. | ||
| 500 | _a"A Wiley-Interscience publication." | ||
| 500 | _aIncludes indexes. | ||
| 504 | _aBibliography: p. 381-450. | ||
| 650 | 0 | _aLinear programming. | |
| 650 | 0 | _aInteger programming. | |
| 906 |
_a7 _bcbc _corignew _d1 _eocip _f19 _gy-gencatlg |
||
| 942 |
_2ddc _cBK |
||
| 999 |
_c11791 _d11791 |
||